| 000 | 00934cam a2200205 4500 | ||
|---|---|---|---|
| 001 | WB3937-23 | ||
| 008 | 031002n2003 000 0 eng u | ||
| 035 | _a(Sirsi) u123818 | ||
| 245 | _aFarmers and crofters get new advice scheme | ||
| 260 | _c2003 | ||
| 490 |
_aScottish Executive News Release _v(SEen641/2003) 1 October 2003 (2) |
||
| 520 | _aA "Whole farm review" pilot scheme has been launched by the Scottish Executive to offer grant assistance to 250 farmers and crofters towards the cost of engaging advisers to carry out the review, enabling them to take full use of their assets. Farmers and crofters need to apply by 31 December 2003 by contacting a national telephone line at +44 (0)845 609 6611. http://www.scotland.gov.uk/pages/news/2003/10/SEen641.aspx | ||
| 590 | _aWB | ||
| 650 | _aSCOTLAND | ||
| 650 | _aFARMERS | ||
| 650 | _aCROFTERS | ||
| 650 | _aBUSINESS ADVICE | ||
| 690 |
_aRural _96268 |
||
| 942 | _n0 | ||
| 999 |
_c73535 _d73535 |
||